000 00708nam a2200289Ia 4500
005 20260324144401.0
008 008 260324s9999 xx 000 0 eng d
020 _a9781315677446
037 _aEBOOK
040 _aCRL
040 _beng
040 _cCRL
041 _2eng
041 _aeng
084 _qCRL
100 _aV. Kerry Smith
_91171714
245 0 _aEnvironmental Resources and Applied Welfare Economics
245 0 _bEssays in Honor of John V. Krutilla
260 _bTaylor and Francis
260 _c1988
365 _a
365 _b290
856 _uhttp://www.taylorfrancis.com/books/9781315677446
942 _cEBOOK
999 _c1825668
_d1825668